| 000 | 00616cab a2200193 4500 | ||
|---|---|---|---|
| 001 | ABS42632 | ||
| 008 | 090401t1990 xxu||||| |||| 00| 0 eng d | ||
| 035 | _a(Sirsi) u37974 | ||
| 041 | _aeng | ||
| 100 | _aWarner, B. | ||
| 245 | _aLosing control | ||
| 260 | _c1990 | ||
| 350 | _a0 | ||
| 490 |
_aBuilding Today _v199(5857) 24 May 1990, 19-20(2) |
||
| 520 | _aReports on how a shortage of building control officers is having a detrimental effect on control standards , as more local authorities experience staff shortages . | ||
| 690 | _aBUILDING AND CONSTRUCTION-CONTROL | ||
| 942 | _n0 | ||
| 948 | _c04/03/1997 | ||
| 999 |
_c24413 _d24413 |
||